20 villes de France aléatoires sur une carte - Statistiques

Statistiques générales
  • Ce quiz a été pris 694 fois
    678 depuis la dernière actualisation
  • Le résultat moyen est 14 sur 20
Réponses sur la Carte
Les réponses sont colorées sur une échelle allant du rouge au vert en fonction du pourcentage des utilisateurs qui les ont devinées à leur premier essai. Vous pouvez retrouver ces pourcentages ci-dessous.
 
Statistiques - réponses
Pop Ville % Correct
868 k Marseille
99%
2.175 k Paris
98%
257 k Bordeaux
96%
518 k Lyon
96%
341 k Nice
96%
284 k Strasbourg
96%
233 k Lille
95%
486 k Toulouse
95%
314 k Nantes
91%
217 k Rennes
90%
139 k Brest
88%
290 k Montpellier
88%
169 k Le Havre
85%
156 k Dijon
83%
70,8 k Ajaccio
82%
86,8 k Dunkerque
78%
116 k Orléans
78%
173 k Saint-Étienne
78%
136 k Tours
78%
72,9 k Calais
77%
76,1 k La Rochelle
77%
154 k Angers
75%
157 k Grenoble
75%
116 k Metz
75%
149 k Nîmes
75%
105 k Caen
74%
146 k Clermont-Ferrand
74%
119 k Perpignan
73%
133 k Amiens
72%
131 k Limoges
72%
104 k Nancy
72%
143 k Aix-en-Provence
71%
63,1 k Quimper
71%
73,9 k Cannes
70%
111 k Rouen
70%
76,2 k Pau
69%
176 k Toulon
69%
143 k Le Mans
68%
91,7 k Avignon
66%
150 k Villeurbanne
66%
182 k Reims
65%
128 k Annecy
63%
61,9 k Troyes
62%
116 k Besançon
61%
68,7 k Colmar
61%
70,6 k Saint-Nazaire
61%
79,1 k Cherbourg-en-Cotentin
60%
108 k Mulhouse
60%
64,7 k Valence
59%
77,5 k Béziers
57%
88,6 k Poitiers
57%
58,8 k Chambéry
49%
59,0 k Niort
49%
64,6 k Bourges
47%
72,9 k Antibes
44%
60,9 k Montauban
44%
67,1 k Évry-Courcouronnes
38%
62,8 k La Seyne-sur-Mer
19%
Aucun quiz correspondant
Distribution des résultats
% des personnes avec chaque résultat
Percentile par nombre de réponses
Votre historique - résultats
Vous n’avez pas pris ce quiz depuis la dernière actualisation